Principles of Money, Banking, and Financial Markets

Uložené v:
Podrobná bibliografia
Hlavný autor: Ritter, Lawrence S.
Ďalší autori: Silber, William L.
Médium: Kniha
Jazyk:English
Vydavateľské údaje: New York Basic Books 1989
Vydanie:6. ed.
Tagy: Pridať tag
Žiadne tagy, Buďte prvý, kto otaguje tento záznam!

MARC

LEADER 00000nam a2200000 4500
001 c023752
005 20221215114327.6
041 0 |a eng 
044 |a US 
245 1 0 |a Principles of Money, Banking, and Financial Markets  |c Lawrence S. Ritter, William L. Silber 
250 |a 6. ed. 
264 1 |a New York  |b Basic Books  |c 1989 
300 |a 660 s. 
100 1 |a Ritter, Lawrence S. 
700 1 |a Silber, William L.